000 00191 a2200097 4500
001 11302
100 _aNicolson, A.
245 _aThe Cold War
260 _a
_bHarrap
_c
090 _c8853
_d8853
942 _aNUST-CAE
_cM
_c35659
999 _c246375
_d246375